000 00891nam a2200217 a 4500
001 BRCA_8841
005 20190320210431.0
008 120517s--------sp-#######---#000-0blat-#
041 _alat
044 _asp
084 _aBE222
_b.C65
100 1 _aColonia, Dominico de
_922026
245 1 0 _aDe arte rhetorica libri quinque, lectissimo veterum scriptorum aetatis aureae, perpetuis que exemplis illustrati
_cauctore Dominico de Colonia; accesse in bac novissima editione institutiones poeticae; audore Josepho Juvencyo.
260 _aMatriti
_bin Regla Typographia, vulgo de la Gazeta
_c1773
300 _a356 p.
_c14.2 x 7.5 cm.
500 _aSuperiorum permissu
500 _aEstado físico: Presenta encuadernación en pergamino deteriorado, con presencia del pez de plata y carece de cintas
650 1 4 _aRetórica
_yObras anteriores a 1800
_921739
902 _aCFM
942 _2lcc
_cB
999 _c8492
_d8492